[Event "25th Spring Festival"]
[Site "Budapest HUN"]
[Date "2009.03.23"]
[Round "4"]
[White "Kormos,Ad"]
[Black "Papp,T1"]
[Result "0-1"]
[WhiteElo "2176"]
[BlackElo "2315"]

1.e4 c5 2.Nf3 e6 3.d4 cxd4 4.Nxd4 a6 5.Nc3 Qc7 6.Be2 Nf6 7.O-O Nc6 8.Be3 b5
9.Nxc6 dxc6 10.Bf3 e5 11.a4 b4 12.Nb1 a5 13.Nd2 Be7 14.Bg5 O-O 15.Bxf6 Bxf6
16.Be2 Rd8 17.Bd3 Be6 18.b3 Rd7 19.Qe2 Rad8 20.Rad1 Be7 21.Nc4 Bc5 22.Kh1 Bxc4
23.Bxc4 Rxd1 24.Rxd1 Rxd1+ 25.Qxd1 Bxf2 26.g3 Bc5 27.Kg2 g6 28.Qd3 Kg7 29.Kf3 Bd4
30.Kg2 Qe7 31.Qf3 Bb6 32.Qf1 h5 33.h4 f6 34.Qd3 Bd4 35.Ba6 Qd7 36.Qf3 Bb6
37.Qd3 Qe7 38.Bc4 Qc5 39.Qd1 Qf2+ 40.Kh3 Bd4 41.Qe2 Qg1 42.Qg2 Qe3 43.Qe2 Qc1
44.Qg2 Qe1 45.Bd3 Bf2 46.Kh2 Qe3 47.Kh3 g5 48.Kh2 g4 49.Bc4 Kf8 50.Ba6 Qd2
51.Bd3 Bxg3+ 52.Kh1 Qxg2+ 53.Kxg2 Bxh4 54.Bc4 Kg7 55.Be6 Kh6 56.Bf5 Kg5 57.Bh7 Be1
58.Bf5 Kf4 59.Bg6 h4 60.Bf5 h3+ 61.Kh1 Kf3 62.Kg1 Bd2 63.Kh1 Be3 64.Bd7 c5
65.Bf5 Kg3 66.Be6 Kh4  0-1

[Event "TCh-NED 2008-9"]
[Site "Netherlands NED"]
[Date "2009.03.28"]
[Round "7"]
[White "Ootes,Le"]
[Black "Bolwerk,P"]
[Result "0-1"]
[WhiteElo "2064"]
[BlackElo "2282"]

1.e4 c5 2.Nf3 e6 3.Nc3 a6 4.d4 cxd4 5.Nxd4 Qc7 6.Bd3 Nf6 7.O-O Be7 8.Be3 O-O
9.f4 d6 10.Kh1 Nbd7 11.g4 Rd8 12.g5 Ne8 13.f5 Ne5 14.Qh5 g6 15.Qh3 Qd7 16.Be2 exf5
17.Nd5 fxe4 18.Qxd7 Rxd7 19.Nb6 Rb8 20.Nxd7 Bxd7 21.Rad1 Nc7 22.Bf4 Nd5 23.Bxe5 dxe5
24.Bc4 Nf4 25.Nf3 Bh3 26.Nxe5 Bg2+ 27.Kg1 Bc5+ 28.Rf2 e3 29.Re2 b5 30.Bb3 Bh3
31.Rde1 Rd8 32.Rxe3 Rd2 33.Nf3 Bxe3+ 34.Rxe3 Rg2+ 35.Kh1 Rf2 36.Ng1 Bg2+  0-1

[Event "Magistral"]
[Site "Mar de Ajo ARG"]
[Date "2009.03.29"]
[Round "7"]
[White "Alonso,S"]
[Black "Hobaica,J"]
[Result "1-0"]
[WhiteElo "2441"]
[BlackElo "2402"]

1.e4 c5 2.Nf3 e6 3.d4 cxd4 4.Nxd4 a6 5.Nc3 Qc7 6.Be2 b5 7.O-O Bb7 8.Re1 Nc6
9.Bf1 d6 10.Nxc6 Bxc6 11.a4 bxa4 12.Nxa4 Nf6 13.Nc3 Qb7 14.Qd3 a5 15.Bf4 e5
16.Bg5 Nd7 17.Nb5 Bxb5 18.Qxb5 Qxb5 19.Bxb5 Be7 20.Bd2 Bd8 21.b4 Bb6 22.bxa5 Bd4
23.c3 Ba7 24.Reb1 Rb8 25.Be3 Bxe3 26.fxe3 Ke7 27.Bc6 Rxb1+ 28.Rxb1 Nc5 29.Rb6 Rc8
30.a6 Nd7 31.Bxd7 Kxd7 32.Rb7+ Kc6 33.Rxf7 Rg8 34.a7  1-0

[Event "Genset Cup"]
[Site "Szombathely HUN"]
[Date "2009.03.29"]
[Round "4"]
[White "Kislik,E"]
[Black "Csiba,D"]
[Result "0-1"]
[WhiteElo "2310"]
[BlackElo "2268"]

1.e4 c5 2.Nf3 e6 3.d4 cxd4 4.Nxd4 a6 5.Nc3 Qc7 6.Be2 Nf6 7.O-O b5 8.Bf3 e5
9.Nf5 b4 10.Nd5 Nxd5 11.Qxd5 Bb7 12.Qd3 g6 13.Ne3 Bc5 14.Rd1 d6 15.a3 bxa3
16.b3 Bd4 17.Rxa3 Nd7 18.b4 Nb6 19.c3 Bxe3 20.Bxe3 Nc4 21.Ra2 Ke7 22.Bc5 dxc5
23.Qxc4 Rhd8 24.Rad2 Rxd2 25.Rxd2 Rd8 26.Rxd8 Kxd8 27.bxc5 Ke7 28.h3 Qc6
29.Qb4 Kd7 30.Kh2 Kc7 31.Qa5+ Kc8 32.Qa3 Kb8 33.c4 Ka7 34.Qe3 h5 35.Kg1 Ka8
36.Kh1 Kb8 37.Qa3 Ka8 38.Qa5 Ka7 39.Qb4 Qc7 40.Qa3 Qc6 41.Qa5 Qe6 42.Qc3 Ka8
43.Kg1 Kb8 44.Qd2 Kc7 45.Qa5+ Kc8 46.Qc3 Kb8 47.Qd3 Kc7 48.Qd2 Qc6 49.Qe3 Kb8
50.Qa3 Ka8 51.Qb4 Ka7 52.Qa5 Qe6 53.Qc7 Ka8 54.Kh2 Qf6 55.Kh1 Qe6 56.Kg1 f6
57.Qd8+ Ka7 58.Qd3 Ka8 59.Kh2 Kb8 60.Kg1 Kc7 61.Qc3 Qc6 62.Qe3 g5 63.g3 a5
64.Qa3 a4 65.Bg2 Qa6 66.c6 Qxc6 67.Qe7+ Kb8 68.Qd8+ Ka7 69.Qa5+ Ba6 70.Bf1 Kb7
71.Qb4+ Ka8 72.Qa5 Kb8 73.c5 Bxf1 74.Kxf1 Kb7 75.Qb4+ Ka7 76.Ke1 Qa6 77.Qa3 Qc4
78.f3 Kb7 79.c6+ Qxc6 80.Qb4+ Ka6 81.Kd2 Qd7+ 82.Kc2 Qd4 83.Qb8 Qb6 84.Qc8+ Kb5
85.Kb2 Qc6 86.Qb8+ Kc4 87.Ka3 Kd3 88.Qb1+ Qc2 89.Qf1+ Ke3 90.Qe1+ Kxf3 91.Qf1+ Kxg3
92.Qg1+ Kxh3 93.Qh1+ Kg3 94.Qg1+ Qg2 95.Qe1+ Qf2  0-1

[Event "FSFMA April"]
[Site "Budapest HUN"]
[Date "2009.04.04"]
[Round "1"]
[White "Mayer,I"]
[Black "Heyl,T"]
[Result "0-1"]
[WhiteElo "2124"]
[BlackElo "2051"]

1.e4 c5 2.Nf3 e6 3.d4 cxd4 4.Nxd4 a6 5.Nc3 Qc7 6.g3 Nf6 7.Bg2 d6 8.O-O Be7
9.Kh1 O-O 10.g4 Bd7 11.g5 Ne8 12.f4 Nc6 13.a4 Nxd4 14.Qxd4 Rc8 15.Rd1 g6
16.Be3 Ng7 17.Qd2 Bc6 18.a5 Qb8 19.Qf2 f5 20.gxf6 Bxf6 21.Qd2 Bxc3 22.bxc3 e5
23.fxe5 dxe5 24.c4 Qc7 25.Qb4 Ne6 26.Bh6 Rf7 27.c5 Nd4 28.Ra2 Qe7 29.c3 Ne6
30.Rad2 Qh4 31.Qc4 Re8 32.Rd6 Ng5 33.Bxg5 Qxg5 34.Rf1 Qe7 35.Rff6 Kg7 36.Rfe6 Qh4
37.Rxc6 Qe1+  0-1

[Event "Congress Premier"]
[Site "Edinburgh SCO"]
[Date "2009.04.04"]
[Round "3"]
[White "Findlay,D"]
[Black "McNab,C"]
[Result "0-1"]
[WhiteElo "2209"]
[BlackElo "2472"]

1.e4 c5 2.Nf3 e6 3.d4 cxd4 4.Nxd4 a6 5.Nc3 b5 6.Bd3 Qb6 7.Nb3 Qc7 8.f4 Bb7
9.O-O Nf6 10.Qe2 d6 11.Bd2 Nbd7 12.Rae1 Be7 13.e5 Nd5 14.Na5 Nxc3 15.Bxc3 Bd5
16.Bd2 Nc5 17.b4 Nxd3 18.cxd3 O-O 19.Rc1 Qd7 20.Bc3 Rac8 21.Qb2 f6 22.Nb3 dxe5
23.fxe5 f5 24.Nd4 Bg5 25.Rce1 Qc7 26.Bd2 Bxd2 27.Qxd2 Qc3 28.Qxc3 Rxc3 29.Rd1 Ra3
30.Rd2 Rc8 31.Kf2 Rcc3 32.Ne2 Rxd3 33.Rxd3 Rxd3 34.Nf4 Rd4  0-1

[Event "10th TCh-RUS w"]
[Site "Dagomys RUS"]
[Date "2009.04.05"]
[Round "4"]
[White "Ivkina,O"]
[Black "Vasilevich,I"]
[Result "0-1"]
[WhiteElo "2275"]
[BlackElo "2350"]

1.e4 c5 2.Nf3 e6 3.Nc3 a6 4.d4 cxd4 5.Nxd4 Qc7 6.Bd3 Nf6 7.O-O Nc6 8.Nxc6 dxc6
9.f4 Bc5+ 10.Kh1 e5 11.f5 h5 12.Bg5 Ng4 13.Qe2 Ba7 14.a4 Bd7 15.a5 f6 16.Bd2 O-O-O
17.Na4 Kb8 18.Ra3 Bc8 19.Nb6 Bxb6 20.axb6 Qd7 21.Bc3 Nh6 22.Bc4 Qe7 23.Ra5 Nf7
24.Rfa1 h4 25.h3 Ng5 26.b4 Rd6 27.Be1 g6 28.fxg6 Rd4 29.Bd3 Ne6 30.Bf2 Nf4
31.Qf1 Rdd8 32.Bc5 Qg7 33.R5a2 Qxg6 34.Be3 Nh5 35.Qf3 Rhg8 36.Bf2 Nf4 37.Bf1 Ne6
38.c3 Ng5 39.Qe3 Nxe4 40.Bxh4 Rh8 41.Bxf6 Qxf6 42.Qxe4 Be6 43.Bc4 Rh4 44.Qxh4 Qxh4
45.Bxe6 Qf6 46.Bg4 e4 47.c4 Qc3 48.b5 Qxc4 49.bxa6 bxa6 50.Rxa6 Kb7 51.R6a2 Qb3
52.Rf2 Kxb6 53.Rff1 Rd2 54.Bf5 e3 55.Rab1 Rb2 56.Kg1 e2 57.Rfe1 Rxb1  0-1

[Event "TCh-HUN 2008-9"]
[Site "Mako HUN"]
[Date "2009.04.05"]
[Round "10"]
[White "Butunoi,A"]
[Black "Horvath,Ad1"]
[Result "0-1"]
[WhiteElo "2394"]
[BlackElo "2514"]

1.e4 c5 2.Nf3 e6 3.d4 cxd4 4.Nxd4 a6 5.Nc3 b5 6.Bd3 Qb6 7.Nb3 Qc7 8.O-O Bb7
9.Qe2 d6 10.f4 Nc6 11.Bd2 Nf6 12.Rae1 Be7 13.e5 dxe5 14.fxe5 Nd7 15.Bf4 Nb4
16.Ne4 Nxd3 17.cxd3 Bxe4 18.Qxe4 O-O 19.Rc1 Qd8 20.Bd2 Nb6 21.Ba5 Qb8 22.Bxb6 Qxb6+
23.d4 Rac8 24.Kh1 Rc4 25.Rc3 Rxc3 26.bxc3 Qc7 27.Qd3 Rd8 28.Qf3 Bf8 29.h3 h6
30.Qe3 Qc4 31.Rf4 Rc8 32.Rf3 Rc7 33.Rg3 a5 34.Nd2 Qxa2 35.Ne4 Qb1+ 36.Kh2 Kh8
37.c4 bxc4 38.Qf4 c3 39.Nxc3 Qb4 40.Qf3 Rd7 41.Qa8 Rxd4 42.Nb5 Rf4 43.Nd6 Kg8
44.Ne8 Kh7 45.Qa7 Rf1 46.Rg4 Qe1 47.Nf6+ Kh8  0-1

[Event "10th TCh-RUS w"]
[Site "Dagomys RUS"]
[Date "2009.04.07"]
[Round "5"]
[White "Pogonina,N"]
[Black "Vasilevich,T"]
[Result "1/2-1/2"]
[WhiteElo "2501"]
[BlackElo "2399"]

1.e4 c5 2.Nf3 a6 3.Nc3 e6 4.d4 cxd4 5.Nxd4 Qc7 6.Bd3 Nf6 7.O-O d6 8.Kh1 Be7
9.f4 O-O 10.Qf3 Nbd7 11.Bd2 Nc5 12.Rae1 b5 13.a3 Bb7 14.b4 Nxd3 15.cxd3 Rac8
16.Rc1 Qb8 17.Qh3 Rfe8 18.Nce2 Bf8 19.Bc3 Nd7 20.Nf3 g6 21.f5 exf5 22.Ng3 Ne5
23.Nxf5 gxf5 24.Ng5 h6 25.Qxf5 hxg5 26.Bxe5 dxe5 27.Qxf7+ Kh8 28.Qh5+ Kg8
29.Qf7+  1/2-1/2

[Event "FSFMA April"]
[Site "Budapest HUN"]
[Date "2009.04.08"]
[Round "5"]
[White "Vaarala,E"]
[Black "Heyl,T"]
[Result "1/2-1/2"]
[WhiteElo "1959"]
[BlackElo "2051"]

1.e4 c5 2.Nf3 e6 3.d4 cxd4 4.Nxd4 a6 5.Nc3 Qc7 6.Be2 Nf6 7.O-O Nc6 8.Be3 b5
9.a3 Bb7 10.f4 d6 11.Kh1 Be7 12.Bf3 Nxd4 13.Bxd4 e5 14.Be3 Rc8 15.Rc1 O-O
16.Qd2 Qc4 17.Be2 Qc6 18.Bf3 Qc4 19.Be2 Qc6  1/2-1/2

[Event "47th Doeberl Cup Premier"]
[Site "Canberra AUS"]
[Date "2009.04.09"]
[Round "1"]
[White "Satyapragyan,S"]
[Black "Morris,J"]
[Result "1-0"]
[WhiteElo "2428"]
[BlackElo "2114"]

1.e4 c5 2.Nc3 e6 3.Nf3 a6 4.d4 cxd4 5.Nxd4 Qc7 6.Be2 Nf6 7.O-O b5 8.Bf3 b4
9.e5 Bb7 10.exf6 bxc3 11.Bxb7 Qxb7 12.fxg7 Bxg7 13.bxc3 Nc6 14.Qg4 O-O-O
15.Be3 Rhg8 16.Rab1 Bxd4 17.Qf3 Qc7 18.cxd4 d5 19.Rb3 f5 20.Rfb1 Rg4 21.Qe2 Rdg8
22.g3 Kd8 23.Rb7 Qd6 24.Qxa6 Ke8 25.Qa8+ Nd8 26.R1b6 Rxg3+ 27.hxg3 Rxg3+
28.Kf1  1-0

[Event "ArcelorMittal Open"]
[Site "Frydek Mistek CZE"]
[Date "2009.04.09"]
[Round "1"]
[White "Krejci,Jan2"]
[Black "Zezula,R"]
[Result "1-0"]
[WhiteElo "2430"]
[BlackElo "1905"]

1.e4 c5 2.Nf3 e6 3.d4 cxd4 4.Nxd4 a6 5.Nc3 Qc7 6.Bd3 Nc6 7.Nxc6 bxc6 8.O-O d5
9.Qe2 d4 10.Na4 Bd6 11.f4 e5 12.f5 f6 13.Bc4 Kf8 14.Qh5 Rb8 15.Bd2 Qe7 16.Rf3 Bd7
17.Rb3 Rxb3 18.axb3 Be8 19.Qe2 h5 20.Qd3 g6 21.fxg6 Bxg6 22.Nb6 Bc5 23.Rxa6 Qh7
24.Ra8+ Kg7 25.Bxg8 Rxg8 26.Ra7+ Bf7 27.Qc4  1-0

[Event "ArcelorMittal Open"]
[Site "Frydek Mistek CZE"]
[Date "2009.04.09"]
[Round "1"]
[White "Pericka,T"]
[Black "Bernasek,J"]
[Result "0-1"]
[WhiteElo "1912"]
[BlackElo "2443"]

1.e4 c5 2.Nf3 e6 3.d4 cxd4 4.Nxd4 a6 5.Nc3 b5 6.Be3 Bb7 7.Bd3 Qc7 8.f4 Nf6
9.e5 b4 10.exf6 bxc3 11.fxg7 Bxg7 12.b3 Bf6 13.Qg4 Nc6 14.f5 h5  0-1

[Event "ARCIMPEX Cup"]
[Site "Frydek Mistek CZE"]
[Date "2009.04.09"]
[Round "2"]
[White "Kislov,M"]
[Black "Pecha,T"]
[Result "1-0"]
[WhiteElo "2327"]
[BlackElo "2170"]

1.e4 c5 2.Nf3 e6 3.d4 cxd4 4.Nxd4 a6 5.Nc3 Qc7 6.Bd3 Nf6 7.O-O b5 8.Re1 d6
9.a4 b4 10.Na2 Bb7 11.Nxb4 d5 12.Nxd5 exd5 13.exd5+ Kd8 14.Bg5 Nd7 15.Nc6+ Kc8
16.Bf5 Bd6 17.Bxf6 gxf6 18.Qg4 Bxc6 19.dxc6 Kb8 20.Bxd7 Bxh2+ 21.Kh1 Be5
22.Rad1 Ka7 23.Be8 Rhxe8 24.Rd7 Rad8 25.Rxe5  1-0

[Event "Arnold Eikrem Memorial"]
[Site "Oslo NOR"]
[Date "2009.04.09"]
[Round "6"]
[White "Handke,F"]
[Black "Trygstad,K"]
[Result "1-0"]
[WhiteElo "2496"]
[BlackElo "2314"]

1.e4 c5 2.Nf3 e6 3.Nc3 a6 4.d4 cxd4 5.Nxd4 Qc7 6.Bd3 Nf6 7.O-O Nc6 8.Nde2 Ng4
9.Bf4 Bd6 10.Bxd6 Qxd6 11.Ng3 h5 12.h3 Ne3 13.Nf5 Nxf5 14.exf5 Ne5 15.Ne4 Qe7
16.Re1 d5 17.Nc3 Qd6 18.Bf1 Bd7 19.Qd4 Nc6 20.Qxd5 Qe7 21.Qb3 O-O 22.Rad1 b5
23.f6 gxf6 24.Nd5 exd5 25.Qg3+ Kh8 26.Rxe7 Nxe7 27.Qd6  1-0

[Event "KFP Cup"]
[Site "Frydek Mistek CZE"]
[Date "2009.04.10"]
[Round "3"]
[White "Vlasak,Lu"]
[Black "Csiba,D"]
[Result "0-1"]
[WhiteElo "2167"]
[BlackElo "2377"]

1.e4 c5 2.Nf3 e6 3.d4 cxd4 4.Nxd4 a6 5.Nc3 Qc7 6.Bd3 Bc5 7.Nb3 Be7 8.O-O Nc6
9.a4 b6 10.Be3 Nf6 11.f4 h5 12.Kh1 Bb7 13.Qe2 Ng4 14.Bg1 g5 15.Nd5 exd5 16.exd5 Nb4
17.Rae1 O-O-O 18.Qxe7 Nxd5 19.Qe4 f5 20.Qxf5 Rdf8 21.Qe4 Ngf6 22.Qf3 g4 23.Qe2 Re8
24.Qd2 Rxe1 25.Qxe1 h4 26.Qe5 h3 27.Qxc7+ Nxc7 28.Rf2 g3  0-1

[Event "Arnold Eikrem Memorial"]
[Site "Oslo NOR"]
[Date "2009.04.10"]
[Round "7"]
[White "Moen,A"]
[Black "Berg,E"]
[Result "0-1"]
[WhiteElo "2353"]
[BlackElo "2610"]

1.e4 c5 2.Nf3 e6 3.d4 cxd4 4.Nxd4 a6 5.Nc3 Qc7 6.Bd3 Nf6 7.f4 d6 8.Qe2 g6
9.O-O Bg7 10.Kh1 O-O 11.a4 b6 12.Bd2 Bb7 13.Nf3 Nbd7 14.Qf2 Nc5 15.Rae1 Rfe8
16.Qh4 d5 17.e5 Nfe4 18.Bxe4 Nxe4 19.Nxe4 dxe4 20.Nd4 Qc4 21.c3 e3 22.Bxe3 Qxa4
23.Qh3 Rad8 24.Bf2 Qa2 25.Bh4 Rxd4 26.cxd4 Qxb2 27.Bf6 Bf8 28.f5 exf5 29.Rf4 Rc8
30.Rg1 Rc3 31.Qh4 Qxg2+ 32.Rxg2 Rc1+  0-1

[Event "ch-WLS"]
[Site "Cardiff WLS"]
[Date "2009.04.11"]
[Round "2"]
[White "Kett,T"]
[Black "Cunliffe,S"]
[Result "1/2-1/2"]
[WhiteElo "2250"]
[BlackElo "1965"]

1.e4 c5 2.Nf3 e6 3.d4 cxd4 4.Nxd4 a6 5.Nc3 b5 6.Bd3 Qb6 7.Nde2 Bb7 8.O-O Nc6
9.Be3 Bc5 10.Bxc5 Qxc5 11.Ng3 Nf6 12.Kh1 Ne5 13.f4 Nc4 14.Bxc4 Qxc4 15.e5 Nd5
16.Nxd5 Bxd5 17.Nh5 Qe4 18.Rf2 O-O 19.Qd2 Qg6 20.Ng3 f5 21.a4 h5 22.Ne2 h4
23.h3 Rfc8 24.Nd4 Qg3 25.Ra3 Qg6 26.axb5 axb5 27.Nxb5 Rxa3 28.bxa3 Qg3 29.Kg1 Rc5
30.a4 Rc4 31.Nd4 Rxa4 32.Nxf5 Ra1+ 33.Rf1 Rxf1+ 34.Kxf1 Bc4+ 35.Kg1 exf5
36.Qxd7 Qe3+ 37.Kh1 Qc1+ 38.Kh2 Qxf4+ 39.Kh1 Qe4 40.Qe8+  1/2-1/2

[Event "47th Doeberl Cup Premier"]
[Site "Canberra AUS"]
[Date "2009.04.12"]
[Round "7"]
[White "Amrutha,M"]
[Black "Guo,E"]
[Result "1-0"]
[WhiteElo "2155"]
[BlackElo "1845"]

1.e4 c5 2.Nf3 e6 3.d4 cxd4 4.Nxd4 a6 5.Nc3 Qc7 6.g3 b5 7.Bg2 Bb7 8.O-O Nf6
9.Re1 d6 10.Bg5 Be7 11.Bxf6 gxf6 12.Qh5 O-O 13.Nd5 Qd8 14.Nf5 exf5 15.exf5 Bxd5
16.Bxd5 Kg7 17.Re4 Rg8 18.Qxf7+ Kh8 19.Rxe7  1-0

[Event "Open"]
[Site "Lenk SUI"]
[Date "2009.04.12"]
[Round "6"]
[White "Schneuwly,A"]
[Black "Schaffner,D"]
[Result "1-0"]
[WhiteElo "2126"]
[BlackElo "1965"]

1.e4 c5 2.Nc3 e6 3.Nf3 a6 4.d4 cxd4 5.Nxd4 d6 6.Bd3 Nf6 7.O-O Nbd7 8.Kh1 b5
9.f4 Bb7 10.Qe2 Qc7 11.Bd2 Be7 12.Rae1 O-O 13.e5 Nd5 14.Qh5 g6 15.Qh3 Nc5
16.Ne4 Nxe4 17.Bxe4 Bd8 18.exd6 Qxd6 19.f5 Bb6 20.fxg6 hxg6 21.Nf3 Bd8 22.Bxg6 Nf6
23.Bd3 Re8 24.Ne5 Qd5 25.Rf3 Rc8 26.Qh6  1-0

[Event "11th European Senior Team"]
[Site "Velden AUT"]
[Date "2009.04.12"]
[Round "8"]
[White "Wittmann,W"]
[Black "Brinck Claussen,B"]
[Result "1/2-1/2"]
[WhiteElo "2272"]
[BlackElo "2290"]

1.e4 c5 2.Nf3 e6 3.d4 cxd4 4.Nxd4 a6 5.Nc3 Qc7 6.Bd3 Nf6 7.f4 b5 8.e5 b4
9.Ne4 Nd5 10.Bd2 Qb6 11.c3 a5 12.Qe2 bxc3 13.bxc3 Ba6 14.Bxa6 Nxa6 15.Nb5 Be7
16.Ned6+ Kf8 17.c4 Ndc7 18.Be3 Qc6 19.O-O f5 20.Rfd1 g6 21.a4 Rb8 22.Ba7 Rd8
23.Nd4 Qa8 24.Bb6 Rb8 25.Bxa5 Ne8 26.N4b5 Nxd6 27.Nxd6 Nc5 28.Bc7 Rb4 29.a5 Qc6
30.Bb6 Na4 31.c5 Rxf4 32.Rac1 Kg7 33.Qb5 Ra8 34.Rc2 Rg4 35.h3  1/2-1/2

[Event "ArcelorMittal Open"]
[Site "Frydek Mistek CZE"]
[Date "2009.04.13"]
[Round "9"]
[White "Krejci,Jan2"]
[Black "Bernasek,J"]
[Result "0-1"]
[WhiteElo "2430"]
[BlackElo "2443"]

1.e4 c5 2.Nf3 e6 3.d4 cxd4 4.Nxd4 a6 5.Nc3 b5 6.Bd3 d6 7.O-O Nf6 8.Qe2 Bb7
9.a4 b4 10.Na2 e5 11.Nb3 Nc6 12.c3 bxc3 13.bxc3 Be7 14.Nb4 Nb8 15.a5 O-O
16.Bg5 Qc8 17.Rfc1 Nbd7 18.f3 h6 19.Be3 d5 20.exd5 Nxd5 21.Nxd5 Bxd5 22.Rab1 Be6
23.Kh1 Re8 24.Bb6 Bd8 25.Nd2 Bg5 26.Rc2 Nc5 27.Bc4 e4 28.Bxe6 Rxe6 29.Bxc5 Qxc5
30.Nxe4 Qxa5 31.Qf2 Be7 32.c4 f5 33.Nc3 Bc5 34.Qg3 Rae8 35.h3 Bd6 36.Qf2 Qe5
37.g3 Bc5 38.Qg2 Qd4 39.Kh2 Re1 40.Rxe1 Rxe1 41.f4 Kh7 42.h4 Qd3 43.Nd5 Rg1
44.Nf6+ Kg6 45.h5+ Kxf6 46.Qc6+ Kf7 47.Qd5+ Qxd5 48.cxd5 Bd4 49.Rd2 Ba7 50.d6 Ke8
51.Ra2 Rb1 52.Rxa6 Bb6 53.Ra8+ Kf7 54.d7 Rd1 55.Ra6 Bd8 56.Ra7 Ke6 57.Kh3 Rxd7
58.Ra6+ Rd6 59.Ra7 Bf6 60.Ra3 Rc6 61.Rb3 Kd5 62.Ra3 Ke4 63.Ra4+ Kf3 64.Ra5 Rc1
65.Ra3+ Bc3  0-1

[Event "7th V.Nabokov Mem"]
[Site "Kyiv UKR"]
[Date "2009.04.14"]
[Round "1"]
[White "Leniart,A"]
[Black "Soltanici,R"]
[Result "1-0"]
[WhiteElo "2372"]
[BlackElo "2401"]

1.e4 c5 2.Nf3 e6 3.d4 cxd4 4.Nxd4 a6 5.Nc3 b5 6.g3 Bb7 7.Bg2 Nf6 8.a3 d6
9.O-O Qc7 10.Bg5 Nbd7 11.Re1 Be7 12.a4 bxa4 13.Nd5 exd5 14.exd5 Ne5 15.Nf5 h6
16.Bxf6 Bxf6 17.f4 g6 18.Nd4 O-O 19.fxe5 Bxe5 20.Nc6 Bxb2 21.Rxa4 Rae8 22.Rae4 Rxe4
23.Bxe4 Re8 24.Kg2 a5 25.c4 Bc3 26.Re2 Kg7 27.Qb3 Bf6 28.Qf3 Ba6 29.Rf2 Ba1
30.c5 f5 31.Qa3 Bf6 32.cxd6 Qd7 33.Bf3 Ra8 34.Rc2 Rc8 35.Qxa5 Bd3 36.Rd2 Be4
37.Qb4 Bxf3+ 38.Kxf3 Ra8 39.Re2 g5 40.Ne7 g4+ 41.Kg2 Re8 42.Qc5 Kf7 43.Qc6 Qd8
44.Re6 Qb8 45.Qc2  1-0

[Event "80th Viktor Kart Jubilee"]
[Site "Lvov UKR"]
[Date "2009.04.14"]
[Round "5"]
[White "Zawadzka,J"]
[Black "Stets,D"]
[Result "0-1"]
[WhiteElo "2390"]
[BlackElo "2422"]

1.e4 c5 2.Nf3 e6 3.d4 cxd4 4.Nxd4 a6 5.Nc3 d6 6.Be3 Nf6 7.f3 Be7 8.Qd2 Nc6
9.g4 O-O 10.O-O-O Nd7 11.Kb1 Nde5 12.Qg2 Bd7 13.Nxc6 Bxc6 14.f4 Nd7 15.g5 b5
16.Bd3 Qc7 17.Rhe1 Nc5 18.h4 b4 19.Ne2 Qb7 20.Ng3 Nxd3 21.cxd3 d5 22.Bd4 dxe4
23.dxe4 Rfd8 24.h5 Bf8 25.g6 h6 26.gxf7+ Qxf7 27.Be5 Rd7 28.Qc2 Rad8 29.Rxd7 Qxd7
30.f5 Bb5 31.Ka1 Rc8 32.Qg2 Rc5 33.fxe6 Qxe6 34.Bd4 Rg5 35.Qf2 Qg4 36.Nf5 Qxh5
37.Qc2 Qf7 38.b3 Qe6 39.Qd2 Rg4 40.Qe3 Bc6 41.Rg1 Qg6 42.Rxg4 Qxg4 43.Ng3 h5
44.e5 h4 45.Ne2 h3 46.Qf2 Bf3 47.Ng3 h2 48.e6 Qxg3  0-1

[Event "Magnificent Chess UWI Masters"]
[Site "Mona JAM"]
[Date "2009.04.17"]
[Round "1"]
[White "Matthews,S"]
[Black "Vilela de Acuna,J"]
[Result "1/2-1/2"]
[WhiteElo "2205"]
[BlackElo "2338"]

1.e4 c5 2.Nf3 e6 3.d4 cxd4 4.Nxd4 a6 5.Nc3 b5 6.Bd3 Qb6 7.Nb3 Qc7 8.O-O Nf6
9.f4 Bb7 10.e5 b4 11.exf6 bxc3 12.fxg7 Bxg7 13.bxc3 Bxc3 14.Rb1 Qb6+ 15.Kh1 Rg8
16.Rg1 Bd4 17.Nxd4 Qxb1 18.f5 Qxa2 19.fxe6 dxe6 20.Qe2 Qd5 21.Bb2 Nd7 22.Bxh7 Rg5
23.Nf3 Rg4 24.Rd1 Qc6 25.h3 Ra4 26.Nd4 Qd5 27.Nb3 Qc6 28.Rf1 O-O-O  1/2-1/2

[Event "TCh-HUN 2008-9"]
[Site "Budapest HUN"]
[Date "2009.04.18"]
[Round "11"]
[White "Meszaros,T"]
[Black "Kubacsny,L"]
[Result "1-0"]
[WhiteElo "2432"]
[BlackElo "2334"]

1.e4 c5 2.Nf3 e6 3.d4 cxd4 4.Nxd4 a6 5.Nc3 b5 6.Bd3 Bb7 7.O-O d6 8.Re1 Nf6
9.a4 b4 10.Na2 e5 11.Nf5 Nc6 12.c3 g6 13.Nh6 d5 14.exd5 Qxd5 15.Qe2 Bd6 16.Bc4 Nd4
17.Qf1 Nf3+ 18.Kh1 Qc6 19.Rd1 Nh4 20.Nxf7 Be7 21.Nxh8 Qxg2+ 22.Qxg2 Bxg2+
23.Kg1 Ng4 24.Be6 Bh3 25.Rd3 Rd8 26.Rxd8+ Bxd8 27.Bxg4  1-0

[Event "PWC Open"]
[Site "Toronto CAN"]
[Date "2009.04.18"]
[Round "2"]
[White "Szalay,K"]
[Black "Hamilton,R"]
[Result "1-0"]
[WhiteElo "2050"]
[BlackElo "2290"]

1.e4 c5 2.Nf3 e6 3.d4 cxd4 4.Nxd4 a6 5.Nc3 b5 6.Bd3 d6 7.Be3 Nf6 8.f4 Nbd7
9.f5 e5 10.Nc6 Qc7 11.Nb4 Bb7 12.a4 Qa5 13.Nc6 Bxc6 14.axb5 Qc7 15.bxc6 Qxc6
16.Qe2 Be7 17.Bc4 O-O 18.Bd5 Nxd5 19.Nxd5 Bd8 20.O-O Nf6 21.Nxf6+ Bxf6 22.Qd3 Rfb8
23.b3 Rb4 24.c4 a5 25.Ra3 a4 26.Rfa1 Be7 27.Qd5 Qxd5 28.exd5 Rab8 29.bxa4 Rxc4
30.a5 h6 31.a6 Bg5 32.Bf2 e4 33.a7 Ra8 34.Rb3 Rcc8 35.Rab1 e3 36.Rb8 exf2+
37.Kxf2 Rxa7 38.Rxc8+ Kh7 39.Rb3 Ra2+ 40.Kf3 Rd2 41.Rf8 Bf6 42.Rbb8  1-0

[Event "PWC Open"]
[Site "Toronto CAN"]
[Date "2009.04.18"]
[Round "3"]
[White "Urquhart,E"]
[Black "Southam,D"]
[Result "1-0"]
[WhiteElo "2209"]
[BlackElo "2138"]

1.e4 c5 2.Nc3 e6 3.Nf3 a6 4.d4 cxd4 5.Nxd4 Qc7 6.Bd3 Nc6 7.Nxc6 bxc6 8.O-O d5
9.Qe2 Nf6 10.Kh1 d4 11.Nb1 e5 12.Nd2 g5 13.Nc4 Rg8 14.Bd2 a5 15.c3 dxc3 16.Bxc3 Bd6
17.Rfd1 Bg4 18.f3 Be6 19.Nxd6+ Qxd6 20.Qe3 Nd7 21.Bc4 Qe7 22.Bxe6 fxe6 23.Rd2 Kf7
24.Rad1 Rgd8 25.Qd3 Nb6 26.Qxd8 Rxd8 27.Rxd8 Nd5 28.exd5 cxd5 29.Rh8 Qf6
30.Rxh7+ Kg6 31.Ra7 d4 32.Bxa5 g4 33.Rg1 Qf4 34.Be1 gxf3 35.gxf3+ Kf6 36.Kg2 e4
37.Ra3 e3 38.Bg3 Qf5 39.Bh4+ Kg6 40.Ra7 Kh5 41.Be1 e5 42.Ra5 d3 43.Rd5 Qe6
44.Rd8 Qf6 45.Rd7 Qg6+ 46.Bg3 Qc6 47.Re7 Qc2+ 48.Kh3 Qc8+ 49.Kg2 Qc2+ 50.Kh1 Kg6
51.Bh4+ Kh6 52.Bg5+ Kg6 53.Bxe3+ Kf5 54.Rg5+ Kf6 55.Rgxe5 d2 56.Bg5+ Kg6
57.R7e6+ Kg7 58.Bh6+ Kf7 59.Bxd2 Qxd2 60.Re2 Qd5 61.R6e4 Qxa2 62.Rf4+ Kg6
63.Rg2+ Kh5 64.Rf8 Qa1+ 65.Rg1 Qxb2 66.Rfg8 Qc3 67.R8g3 Qc8 68.Rg5+ Kh6 69.R5g3 Qf5
70.Re1 Qd7 71.Rf1 Kh5 72.Kg2 Qd2+ 73.Rf2 Qd7 74.Re2 Qc8 75.Re5+ Kh6 76.Re2 Qf5
77.Rg4 Kh5 78.h4 Qb5 79.Rg5+ Qxg5+ 80.hxg5 Kxg5  1-0

[Event "4th Open"]
[Site "Angers FRA"]
[Date "2009.04.19"]
[Round "5"]
[White "Gauthier,L"]
[Black "Mauget,J"]
[Result "0-1"]
[WhiteElo "1808"]
[BlackElo "1836"]

1.e4 c5 2.Nf3 e6 3.d4 cxd4 4.Nxd4 a6 5.Nc3 Qc7 6.Be3 Bb4 7.Qd2 Nf6 8.f3 O-O
9.a3 Bxc3 10.bxc3 d5 11.Bd3 dxe4 12.Bxe4 Nxe4 13.fxe4 e5 14.O-O exd4 15.cxd4 Bd7
16.d5 Bb5 17.Rf3 Nd7 18.Rg3 Kh8 19.Rxg7 Qd6 20.Bd4 Ne5 21.Qg5 Rae8 22.Re1 h6
23.Qg3 Qf6 24.Bxe5 Rxe5 25.Rg4 Rfe8 26.Kh1 Rg5 27.Qf4 Qxf4 28.Rxf4 Kg7 29.Re3 Rxd5
30.h3 Rde5 31.Rg3+ Rg5 32.Rgf3 Re7 33.h4 Rg6 34.e5 Bc6 35.Rf2 Kf8 36.Kh2 Rge6
37.Rf6 Rxf6 38.exf6 Re4 39.g3 Re3 40.g4 Rf3 41.Rxf3 Bxf3 42.Kg3 Be4 43.c3 Ke8
44.Kf4 Bc2 45.h5 Kd7 46.g5 hxg5+ 47.Kxg5 Ke6 48.c4 b6  0-1

[Event "PWC Open"]
[Site "Toronto CAN"]
[Date "2009.04.19"]
[Round "4"]
[White "Martchenko,A"]
[Black "Hamilton,R"]
[Result "1-0"]
[WhiteElo "2039"]
[BlackElo "2290"]

1.e4 c5 2.Nf3 e6 3.d4 cxd4 4.Nxd4 a6 5.Nc3 b5 6.Bd3 d6 7.a4 bxa4 8.Rxa4 Nd7
9.Nb3 Ngf6 10.Qe2 Qb6 11.Be3 Qb7 12.O-O Ne5 13.Rfa1 Nxd3 14.Qxd3 Be7 15.Na5 Qc7
16.Rc4 Qd7 17.Bb6 O-O 18.Rc7 Qe8 19.Nc6 Nd7 20.Na4 a5 21.Rd1 d5 22.exd5 Bf6
23.d6 Ne5 24.Nxe5 Qxa4 25.d7 Ba6 26.Qd6 Qb5 27.Rc5 Qb4 28.Nc6 Qxb6 29.Ne7+ Bxe7
30.Qxb6 Bxc5 31.Qxc5 Rfd8 32.Qc7 a4 33.c4 Rac8 34.dxc8=Q f5  1-0

[Event "ch-MGL"]
[Site "Ulan Bator MGL"]
[Date "2009.04.21"]
[Round "17"]
[White "Gundavaa,B"]
[Black "Munguntuul,B"]
[Result "1-0"]
[WhiteElo "2461"]
[BlackElo "2440"]

1.e4 c5 2.Nf3 e6 3.d4 cxd4 4.Nxd4 a6 5.Nc3 Nc6 6.Be2 d6 7.O-O Nf6 8.Be3 Be7
9.a4 O-O 10.f4 Bd7 11.Kh1 Rc8 12.Nb3 Na5 13.Nd2 d5 14.e5 Ne8 15.Bd3 Nc4 16.Nxc4 dxc4
17.Be4 Qc7 18.a5 Bc6 19.Bb6 Qb8 20.Qd4 f5 21.Bxc6 Rxc6 22.Rfd1 Nc7 23.Qf2 Qc8
24.Ne2 Nb5 25.Rd2 Bc5 26.Bxc5 Rxc5 27.c3 Rc7 28.Rad1 Qe8 29.h3 Qe7 30.Kh2 Rfc8
31.Qb6 h6 32.Rd6 Kf7 33.Nd4 Nxd4 34.Qxd4 Re8 35.Qf2 Rec8 36.R1d4 g6 37.Qd2 Ke8
38.Qd1 Kf8 39.Qa4 Re8 40.Rd7 Qc5 41.Rxc7 Qxc7 42.Rxc4 Qe7 43.Qb3 Rd8 44.Rb4 Rd7
45.Rb6 Kf7 46.c4 Qh4 47.Qf3 Qe7 48.b4 Rc7 49.c5 Kf8 50.Qb3 Kf7 51.Qc4 Qd7
52.Rd6 Qc8 53.Qd3 Ke7 54.Qg3 Kf7 55.Qh4 Qh8 56.Rd8 Qg7 57.Qf2 g5 58.Qd4 Kg6
59.Rd6 Qf7 60.Qc4 Re7 61.c6 bxc6 62.Rxc6 Kg7 63.Rxa6 gxf4 64.Qxf4 Qh5 65.Ra8 Kf7
66.a6 Qe2 67.a7 Qa2  1-0